[Event "FRA T I 120102011"]
[Site "FRA"]
[Date "2010.10.17"]
[Round "1.5"]
[White "Le Hetet, Nicolas"]
[Black "Garnier, Teddy"]
[Result "1/2-1/2"]
[WhiteElo "2112"]
[BlackElo "1935"]
[PlyCount "85"]
[EventDate "2010.10.17"]
[EventType "team-match"]
[EventRounds "9"]
[EventCountry "FRA"]
[Source "FFE"]
[SourceDate "2010.10.29"]
[WhiteTeamCountry "FRA"]
[BlackTeamCountry "FRA"]

1. e4 c6 2. d4 d5 3. e5 Bf5 4. h4 h6 5. g4 Bd7 6. Nh3 e6 7. Nf4 c5 8. dxc5 Bxc5
9. Nd2 Nc6 10. Nf3 a6 11. c3 Qc7 12. Nd3 Ba7 13. Bg2 Nge7 14. h5 Na5 15. O-O
Bb5 16. Re1 Qc4 17. Nf4 Qc7 18. Nd4 Bd7 19. Nd3 Nec6 20. Nxc6 Nxc6 21. Bf4 Rc8
22. Bxd5 Ne7 23. Bf3 Bb5 24. Qc2 O-O 25. Rac1 Qc4 26. Be3 Bb8 27. Red1 Qc7 28.
Bd4 Rfd8 29. Nc5 Bc6 30. Ne4 Bxe4 31. Qxe4 Nc6 32. Qe3 Nxd4 33. cxd4 Qb6 34.
Rxc8 Rxc8 35. Rc1 Rd8 36. b3 Ba7 37. Rc4 Qa5 38. Ra4 Qb6 39. Qc3 Rxd4 40. Rxd4
Qxd4 41. Qc8+ Kh7 42. Qc2+ Kg8 43. Qc8+ 1/2-1/2

[Event "FRA T I 120102011"]
[Site "FRA"]
[Date "2010.10.17"]
[Round "1.3"]
[White "Picard, Romain"]
[Black "Le Corre, Benjamin"]
[Result "0-1"]
[WhiteElo "2372"]
[BlackElo "2298"]
[PlyCount "86"]
[EventDate "2010.10.17"]
[EventType "team-match"]
[EventRounds "9"]
[EventCountry "FRA"]
[Source "FFE"]
[SourceDate "2010.10.29"]
[WhiteTeamCountry "FRA"]
[BlackTeamCountry "FRA"]

1. e4 c5 2. Nf3 Nc6 3. d4 cxd4 4. Nxd4 Nf6 5. Nc3 e5 6. Ndb5 d6 7. Nd5 Nxd5 8.
exd5 Nb8 9. c4 Be7 10. Be2 O-O 11. O-O a6 12. Nc3 f5 13. Kh1 Nd7 14. f3 Rf6 15.
Be3 f4 16. Bf2 Rh6 17. Ne4 Nf6 18. Bd3 Qe8 19. g4 fxg3 20. Nxg3 Nh5 21. Nf5
Bxf5 22. Bxf5 Bg5 23. Rg1 Qe7 24. c5 Bf4 25. Be6+ Kh8 26. cxd6 Qxd6 27. Rg2 g5
28. Qb3 Ng7 29. Qxb7 Rb8 30. Qd7 Qxd7 31. Bxd7 Rxb2 32. Rd1 Bxh2 33. Rxh2 Rxh2+
34. Kxh2 Rxf2+ 35. Kg3 Rb2 36. d6 Nh5+ 37. Kh3 Kg7 38. f4 Nxf4+ 39. Kg4 Kf6 40.
Bc6 h5+ 41. Kg3 Ne2+ 42. Kh3 Nd4 43. Bd5 Nf5 0-1

[Event "FRA T I 120102011"]
[Site "FRA"]
[Date "2010.10.17"]
[Round "1.7"]
[White "Plane, Boris"]
[Black "Ricbour, Jeremy"]
[Result "1/2-1/2"]
[WhiteElo "2119"]
[BlackElo "2191"]
[PlyCount "84"]
[EventDate "2010.10.17"]
[EventType "team-match"]
[EventRounds "9"]
[EventCountry "FRA"]
[Source "FFE"]
[SourceDate "2010.10.29"]
[WhiteTeamCountry "FRA"]
[BlackTeamCountry "FRA"]

1. e4 c6 2. d4 d5 3. exd5 cxd5 4. c4 Nf6 5. Nc3 Nc6 6. Nf3 Bg4 7. cxd5 Nxd5 8.
Qb3 Bxf3 9. gxf3 e6 10. Qxb7 Nxd4 11. Bb5+ Nxb5 12. Qxb5+ Qd7 13. Nxd5 exd5 14.
Qxd7+ Kxd7 15. Be3 Bb4+ 16. Ke2 Ke6 17. Rhg1 g6 18. Kd3 f6 19. h4 Bd6 20. Rae1
Kf5 21. Rg4 a6 22. Rd4 Be5 23. Rxd5 Rhd8 24. Rxd8 Rxd8+ 25. Kc2 Rc8+ 26. Kb1 h5
27. a3 Rb8 28. b4 a5 29. Bc5 g5 30. Kc2 a4 31. Kd3 Bb2 32. Kc2 Bxa3 33. Re4 Rc8
34. Kb1 Rxc5 35. bxc5 Bxc5 36. Rxa4 Bxf2 37. hxg5 fxg5 38. Kc2 h4 39. Ra8 h3
40. Rf8+ Ke5 41. f4+ gxf4 42. Rh8 Bg3 1/2-1/2

[Event "FRA T I 120102011"]
[Site "FRA"]
[Date "2010.10.17"]
[Round "1.7"]
[White "Stephan, Jean Marie"]
[Black "Le Gallo, Frederic"]
[Result "1-0"]
[WhiteElo "2245"]
[BlackElo "2024"]
[PlyCount "83"]
[EventDate "2010.10.17"]
[EventType "team-match"]
[EventRounds "9"]
[EventCountry "FRA"]
[Source "FFE"]
[SourceDate "2010.10.29"]
[WhiteTeam "Sautron"]
[BlackTeam "Nantes"]
[WhiteTeamCountry "FRA"]
[BlackTeamCountry "FRA"]

1. e4 c5 2. Nf3 d6 3. d4 cxd4 4. Nxd4 Nf6 5. Nc3 a6 6. Be3 e5 7. Nb3 Be6 8. Qd2
b5 9. O-O-O Nbd7 10. f4 b4 11. Nd5 a5 12. Nxf6+ gxf6 13. Kb1 Rg8 14. f5 Bxb3
15. cxb3 a4 16. bxa4 Rxa4 17. Bc4 Qa8 18. Bd5 Qa6 19. g3 Rg4 20. Rhg1 Be7 21.
h3 Rxe4 22. Bxe4 Rxa2 23. Bd5 Ra1+ 24. Kc2 Qa4+ 25. Kd3 Qb5+ 26. Ke4 Ra4 27.
Kf3 e4+ 28. Kg2 Ne5 29. Bxe4 b3 30. Bd5 Bd8 31. Rge1 Ba5 32. Qe2 Qd7 33. Bd2
Ra2 34. Bxa5 Rxa5 35. Kh2 Qxf5 36. Rf1 Qc2 37. Rd2 Qg6 38. Bxb3 Kf8 39. Rxd6
Rb5 40. Rdxf6 Qg5 41. Rxf7+ Ke8 42. Qxb5+ 1-0

[Event "FRA T I 120102011"]
[Site "FRA"]
[Date "2010.10.17"]
[Round "1.3"]
[White "Godard, Maxence"]
[Black "Sorbe, Stephane"]
[Result "1-0"]
[WhiteElo "2334"]
[BlackElo "2358"]
[PlyCount "81"]
[EventDate "2010.10.17"]
[EventType "team-match"]
[EventRounds "9"]
[EventCountry "FRA"]
[Source "FFE"]
[SourceDate "2010.10.29"]
[WhiteTeamCountry "FRA"]
[BlackTeamCountry "FRA"]

1. d4 d5 2. c4 c6 3. Nf3 Nf6 4. e3 Bg4 5. Nc3 e6 6. h3 Bxf3 7. Qxf3 Nbd7 8. Bd3
Bb4 9. O-O O-O 10. Qe2 Re8 11. Rd1 Qe7 12. Bd2 Rad8 13. a3 Bd6 14. c5 Bc7 15.
f4 Nf8 16. b4 N6d7 17. Rab1 b5 18. a4 a6 19. Ra1 f5 20. axb5 axb5 21. Ra6 Nb8
22. Ra7 Rc8 23. Rda1 Qd8 24. g4 fxg4 25. Qxg4 Nbd7 26. Kh1 Qf6 27. Be1 Ng6 28.
Ne2 Ndf8 29. Ng3 Nxf4 30. exf4 Qxd4 31. Qf3 Qxf4 32. Qxf4 Bxf4 33. Bc3 Bc7 34.
Rb7 e5 35. Bf5 Ne6 36. Raa7 d4 37. Be1 Bb8 38. Bxe6+ Rxe6 39. Rxg7+ Kf8 40.
Raf7+ Ke8 41. Ne4 1-0

[Event "FRA T I 120102011"]
[Site "FRA"]
[Date "2010.10.17"]
[Round "1.3"]
[White "Le Roy, Brice"]
[Black "Wittmann, Marc"]
[Result "0-1"]
[WhiteElo "2319"]
[BlackElo "2250"]
[PlyCount "82"]
[EventDate "2010.10.17"]
[EventType "team-match"]
[EventRounds "9"]
[EventCountry "FRA"]
[Source "FFE"]
[SourceDate "2010.10.29"]
[WhiteTeamCountry "FRA"]
[BlackTeamCountry "FRA"]

1. e4 e5 2. Nf3 Nc6 3. Bb5 a6 4. Ba4 Nf6 5. O-O Nxe4 6. d4 b5 7. Bb3 d5 8. dxe5
Be6 9. Be3 Be7 10. Re1 O-O 11. Nbd2 Nc5 12. Nf1 a5 13. c3 Nxb3 14. axb3 Qd7 15.
Bg5 Rfb8 16. Bxe7 Nxe7 17. Qd4 b4 18. Rec1 Nf5 19. Qd2 bxc3 20. Qxc3 d4 21.
Qxc7 Qxc7 22. Rxc7 Rxb3 23. Ra3 Rxb2 24. g4 Nh6 25. Nxd4 Bxg4 26. h3 Be6 27.
Rc6 Nf5 28. Nxe6 fxe6 29. Rxe6 a4 30. Rc6 Rb4 31. e6 Nd4 32. Rd6 Nb5 33. Rb6
Nxa3 34. Rxb4 Nc2 35. Re4 a3 36. e7 Kf7 37. Ne3 Nxe3 38. fxe3 Ke8 39. Rf4 Kxe7
40. Rf1 a2 41. Ra1 Ke6 0-1

[Event "FRA T I 120102011"]
[Site "FRA"]
[Date "2010.10.17"]
[Round "1.7"]
[White "Prodhomme, Boris"]
[Black "Dube, Dimitri"]
[Result "0-1"]
[WhiteElo "2172"]
[BlackElo "2077"]
[PlyCount "80"]
[EventDate "2010.10.17"]
[EventType "team-match"]
[EventRounds "9"]
[EventCountry "FRA"]
[Source "FFE"]
[SourceDate "2010.10.29"]
[WhiteTeamCountry "FRA"]
[BlackTeamCountry "FRA"]

1. d4 Nc6 2. Nf3 d5 3. c4 e5 4. Nxe5 Nxe5 5. dxe5 d4 6. a3 Ne7 7. e3 Nc6 8. Be2
Be6 9. O-O dxe3 10. Bxe3 Qxd1 11. Rxd1 Nxe5 12. Nd2 O-O-O 13. b3 Be7 14. Nf3
Bf6 15. Nxe5 Bxe5 16. Rxd8+ Rxd8 17. Rd1 Rxd1+ 18. Bxd1 Bb2 19. a4 b6 20. Kf1
Bc3 21. Bc2 Kd7 22. Ke2 Kd6 23. Be4 f5 24. Bf3 h6 25. Kd3 Be5 26. g3 g5 27. Bd2
a5 28. b4 axb4 29. Bxb4+ c5 30. Bd2 Bd4 31. Be1 g4 32. Bd1 h5 33. Bb3 Ke5 34.
Ke2 f4 35. a5 f3+ 36. Kd1 bxa5 37. Ba2 a4 38. Kc1 a3 39. Kc2 Ke4 40. Kd2 Bb2
0-1

[Event "FRA T I 120102011"]
[Site "FRA"]
[Date "2010.10.17"]
[Round "1.3"]
[White "Theon, Pierre"]
[Black "Beneteau, Hubert"]
[Result "0-1"]
[WhiteElo "2105"]
[BlackElo "2125"]
[PlyCount "80"]
[EventDate "2010.10.17"]
[EventType "team-match"]
[EventRounds "9"]
[EventCountry "FRA"]
[Source "FFE"]
[SourceDate "2010.10.29"]
[WhiteTeamCountry "FRA"]
[BlackTeamCountry "FRA"]

1. e4 c5 2. b3 b6 3. Bb2 Bb7 4. Nc3 e6 5. Nf3 Nc6 6. Qe2 Nf6 7. O-O-O Be7 8. e5
Ng4 9. h3 Nh6 10. Ne4 O-O 11. g4 a5 12. Qe3 a4 13. Nf6+ Kh8 14. Bd3 Nxe5 15.
Nxe5 Bxf6 16. Rhg1 d6 17. g5 Bxe5 18. Bxe5 Nf5 19. Bxf5 dxe5 20. Bd3 axb3 21.
axb3 Qb8 22. Kb2 e4 23. Be2 Bd5 24. Qc3 Qf4 25. Rdf1 Ra7 26. Qe3 Qe5+ 27. c3
Rfa8 28. Rb1 Ra2+ 29. Kc1 R8a3 30. c4 Bc6 31. Rd1 Ra1 32. d4 cxd4 33. Rxd4
Rxb1+ 34. Kxb1 Ra8 35. b4 g6 36. f3 Ra4 37. Qc3 Rxb4+ 38. Kc2 Kg7 39. Rd6 Ba4+
40. Kd2 Rb2+ 0-1

[Event "FRA T I 120102011"]
[Site "FRA"]
[Date "2010.10.17"]
[Round "1.2"]
[White "Voisembert, Alain"]
[Black "Favarel, Julien"]
[Result "0-1"]
[WhiteElo "2097"]
[BlackElo "2295"]
[PlyCount "80"]
[EventDate "2010.10.17"]
[EventType "team-match"]
[EventRounds "9"]
[EventCountry "FRA"]
[Source "FFE"]
[SourceDate "2010.10.29"]
[WhiteTeamCountry "FRA"]
[BlackTeamCountry "FRA"]

1. e4 c5 2. Nf3 Nc6 3. Bb5 Nf6 4. Qe2 g6 5. c3 Bg7 6. O-O O-O 7. d4 d5 8. e5
Ne4 9. Nbd2 cxd4 10. Nxe4 Qb6 11. cxd4 dxe4 12. Bxc6 exf3 13. Bxf3 Qxd4 14. Re1
h6 15. Rd1 Qxe5 16. Qxe5 Bxe5 17. Bxh6 Re8 18. Rd2 Be6 19. Re1 Bd6 20. a3 Rab8
21. Bd5 Bxd5 22. Rxd5 Rbc8 23. Be3 b6 24. Bd4 f6 25. g3 Kf7 26. Bc3 Bxa3 27.
Rd7 Bd6 28. Rxa7 b5 29. Bd4 Ra8 30. Rea1 Rxa7 31. Rxa7 Ke6 32. Rb7 Kd5 33. Be3
b4 34. b3 Ra8 35. h4 Ra3 36. g4 Rxb3 37. h5 gxh5 38. gxh5 Ke6 39. h6 Kf7 40.
Rb5 Kg6 0-1

[Event "FRA T I 120102011"]
[Site "FRA"]
[Date "2010.10.17"]
[Round "1.6"]
[White "Auvray, Simon"]
[Black "Le Montagner, Yoann"]
[Result "1-0"]
[WhiteElo "2026"]
[BlackElo "2006"]
[PlyCount "75"]
[EventDate "2010.10.17"]
[EventType "team-match"]
[EventRounds "9"]
[EventCountry "FRA"]
[Source "FFE"]
[SourceDate "2010.10.29"]
[WhiteTeam "St Lo"]
[BlackTeamCountry "FRA"]

1. e4 c5 2. Nf3 d6 3. c3 Nf6 4. Be2 Nc6 5. d4 cxd4 6. cxd4 Nxe4 7. d5 Qa5+ 8.
Nc3 Nxc3 9. bxc3 Ne5 10. Nxe5 Qxc3+ 11. Bd2 Qxe5 12. Be3 Bd7 13. O-O e6 14. Bf3
Be7 15. Rb1 exd5 16. Rxb7 Qf5 17. h3 Bc8 18. Bg4 Qf6 19. Bxc8 Rxc8 20. Bd4 Qh4
21. Re1 O-O 22. Rbxe7 Rc4 23. Bxa7 h6 24. Qxd5 Rc1 25. Rxc1 Qxe7 26. Be3 Qf6
27. a4 Re8 28. Rd1 Qh4 29. a5 Qa4 30. Bb6 Re6 31. Rc1 Qa3 32. Rc8+ Kh7 33. Qf5+
Rg6 34. Qxf7 Qa1+ 35. Kh2 Qe5+ 36. f4 Rxg2+ 37. Kxg2 Qe4+ 38. Kf2 1-0

[Event "FRA T I 120102011"]
[Site "FRA"]
[Date "2010.10.17"]
[Round "1.5"]
[White "Bleuzen, Cedric"]
[Black "Restout, Bruce"]
[Result "1-0"]
[WhiteElo "2038"]
[BlackElo "2049"]
[PlyCount "75"]
[EventDate "2010.10.17"]
[EventType "team-match"]
[EventRounds "9"]
[EventCountry "FRA"]
[Source "FFE"]
[SourceDate "2010.10.29"]
[BlackTeamCountry "FRA"]

1. c4 Nf6 2. g3 e5 3. Bg2 g6 4. Nc3 Bg7 5. Nf3 d6 6. d3 O-O 7. O-O Nc6 8. Rb1
Nh5 9. Nd5 h6 10. Bd2 f5 11. e4 f4 12. b4 Bg4 13. h3 Bxf3 14. Bxf3 fxg3 15.
Bxh5 gxf2+ 16. Kg2 gxh5 17. Qxh5 Kh7 18. Be3 Nd4 19. Bxd4 exd4 20. Rxf2 Rxf2+
21. Kxf2 c6 22. Qf5+ Kh8 23. Nf4 Qh4+ 24. Kf3 Qf6 25. Rg1 Qxf5 26. exf5 Kh7 27.
Ne6 Be5 28. Ke4 a5 29. b5 c5 30. Rf1 Kg8 31. Rg1+ Kf7 32. Rg6 b6 33. Kd5 h5 34.
Ng5+ Ke7 35. Re6+ Kd7 36. Ne4 Rf8 37. Nxd6 Bh8 38. f6 1-0

[Event "FRA T I 120102011"]
[Site "FRA"]
[Date "2010.10.17"]
[Round "1.4"]
[White "Bonn, Thomas"]
[Black "Stephan, Victor"]
[Result "1/2-1/2"]
[WhiteElo "2253"]
[BlackElo "2249"]
[PlyCount "75"]
[EventDate "2010.10.17"]
[EventType "team-match"]
[EventRounds "9"]
[EventCountry "FRA"]
[Source "FFE"]
[SourceDate "2010.10.29"]
[BlackTeamCountry "FRA"]

1. e4 c5 2. Nc3 g6 3. d4 cxd4 4. Qxd4 Nf6 5. Nf3 Nc6 6. Qa4 d6 7. e5 dxe5 8.
Nxe5 Qd4 9. Nxc6 Qxa4 10. Nxa4 bxc6 11. b3 Bg7 12. Bb2 O-O 13. Bd3 Ng4 14. Bxg7
Kxg7 15. h3 Ne5 16. O-O-O Nxd3+ 17. Rxd3 Bf5 18. Re3 Kf6 19. Rhe1 Rae8 20. Re5
h5 21. Ra5 Ra8 22. Ra6 Rfc8 23. Re3 e6 24. Rc3 g5 25. f3 Rd8 26. Rcxc6 Rd4 27.
Rd6 Rxd6 28. Rxd6 Ke5 29. Rd7 Kf4 30. c4 Kg3 31. Rd2 Bxh3 32. gxh3 Kxh3 33. Nc5
Kg3 34. Ne4+ Kf4 35. Kd1 f5 36. Nd6 Kxf3 37. Kc1 g4 38. c5 1/2-1/2

[Event "FRA T I 120102011"]
[Site "FRA"]
[Date "2010.10.17"]
[Round "1.6"]
[White "Carvallo, Henri"]
[Black "Picard, Clement"]
[Result "1/2-1/2"]
[WhiteElo "2153"]
[BlackElo "2191"]
[PlyCount "76"]
[EventDate "2010.10.17"]
[EventType "team-match"]
[EventRounds "9"]
[EventCountry "FRA"]
[Source "FFE"]
[SourceDate "2010.10.29"]
[BlackTeamCountry "FRA"]

1. d4 c5 2. c3 e6 3. Nf3 Nf6 4. Bf4 cxd4 5. cxd4 Qb6 6. Qc2 Nc6 7. e3 Be7 8.
Nc3 a6 9. Be2 O-O 10. O-O d5 11. a3 Bd7 12. Bd3 Rac8 13. Qe2 Na7 14. Ne5 Be8
15. Rac1 Nd7 16. Rc2 Nxe5 17. Bxe5 Bd6 18. Bxd6 Qxd6 19. Qh5 g6 20. Qe2 Bd7 21.
Rfc1 Kg7 22. h4 h5 23. Na2 Rxc2 24. Rxc2 Rc8 25. Rxc8 Nxc8 26. Nc3 Na7 27. g4
hxg4 28. Qxg4 Kf8 29. h5 gxh5 30. Qxh5 Nc8 31. Qh8+ Ke7 32. Qh4+ Ke8 33. Qh8+
Qf8 34. Qe5 Qd6 35. Qh8+ Qf8 36. Qe5 Qd6 37. Qf6 Qe7 38. Qh8+ Qf8 1/2-1/2

[Event "FRA T I 120102011"]
[Site "FRA"]
[Date "2010.10.17"]
[Round "1.6"]
[White "Rabhi, Chamss Eddine"]
[Black "Barbot, Pierre"]
[Result "0-1"]
[WhiteElo "2065"]
[BlackElo "2161"]
[PlyCount "76"]
[EventDate "2010.10.17"]
[EventType "team-match"]
[EventRounds "9"]
[EventCountry "FRA"]
[Source "FFE"]
[SourceDate "2010.10.29"]
[WhiteTeam "Nantes"]
[BlackTeam "Sautron"]
[WhiteTeamCountry "FRA"]
[BlackTeamCountry "FRA"]

1. d4 Nf6 2. c4 g6 3. Nc3 d5 4. e3 Bg7 5. cxd5 Nxd5 6. Nxd5 Qxd5 7. Nf3 O-O 8.
Be2 c5 9. O-O Nc6 10. dxc5 Qxc5 11. Qb3 Be6 12. Qb5 Qxb5 13. Bxb5 a6 14. Bxc6
bxc6 15. Nd4 Bd5 16. Rd1 Rfb8 17. f3 e5 18. Nb3 Bxb3 19. axb3 Rxb3 20. e4 Bf8
21. h4 Bc5+ 22. Kh2 Bd4 23. Ra3 Rxa3 24. bxa3 Rb8 25. Bg5 Kg7 26. Be7 Rb7 27.
Bd6 f6 28. Rc1 Rb6 29. a4 a5 30. Bc7 Ra6 31. Bd6 Kf7 32. Rb1 Rb6 33. Rc1 Ke6
34. Bf8 Kd7 35. f4 Rb2 36. Rd1 Re2 37. fxe5 fxe5 38. Rf1 Rxe4 0-1

[Event "FRA T I 120102011"]
[Site "FRA"]
[Date "2010.10.17"]
[Round "1.1"]
[White "Fantinel, Thibault"]
[Black "Do, Huu Thi"]
[Result "1/2-1/2"]
[WhiteElo "2220"]
[BlackElo "2202"]
[PlyCount "72"]
[EventDate "2010.10.17"]
[EventType "team-match"]
[EventRounds "9"]
[EventCountry "FRA"]
[Source "FFE"]
[SourceDate "2010.10.29"]
[WhiteTeamCountry "FRA"]
[BlackTeamCountry "FRA"]

1. c4 c6 2. g3 g6 3. Bg2 Bg7 4. Nc3 f5 5. d3 Nf6 6. e4 d6 7. Nge2 Na6 8. O-O
O-O 9. h3 fxe4 10. dxe4 Be6 11. b3 Nc5 12. Be3 Nfd7 13. Qd2 a5 14. Rab1 Nb6 15.
Bd4 Bf7 16. Bxg7 Kxg7 17. f4 Qc7 18. Qe3 Nbd7 19. g4 Rad8 20. Ng3 Qb6 21. Kh2
Ne6 22. Qd2 Qd4 23. Qb2 Kg8 24. Rbd1 Qg7 25. Qd2 Nd4 26. Qe3 Rfe8 27. h4 b6 28.
h5 Nf8 29. hxg6 Qh6+ 30. Kg1 hxg6 31. g5 Qh4 32. Nce2 e5 33. f5 Nh7 34. fxg6
Bxg6 35. Nf5 Qxg5 36. Qxg5 Nxg5 {suite illisible} 1/2-1/2

[Event "FRA T I 120102011"]
[Site "FRA"]
[Date "2010.10.17"]
[Round "1.3"]
[White "Delorme, Alban"]
[Black "Grill, Marc"]
[Result "1-0"]
[WhiteElo "2272"]
[BlackElo "2184"]
[PlyCount "69"]
[EventDate "2010.10.17"]
[EventType "team-match"]
[EventRounds "9"]
[EventCountry "FRA"]
[Source "FFE"]
[SourceDate "2010.10.29"]
[WhiteTeamCountry "FRA"]
[BlackTeamCountry "FRA"]

1. e4 c5 2. Nf3 d6 3. d4 cxd4 4. Qxd4 Nc6 5. Bb5 Bd7 6. Bxc6 Bxc6 7. Nc3 Nf6 8.
Bg5 e6 9. O-O-O Be7 10. Qd3 Qa5 11. h4 O-O 12. Nd4 Rac8 13. Kb1 a6 14. f4 Rfe8
15. f5 e5 16. Bxf6 Bxf6 17. Nxc6 bxc6 18. g4 Rb8 19. g5 Be7 20. f6 Bf8 21. b3
Rb4 22. fxg7 Kxg7 23. Qf3 Re6 24. Rdf1 Rb7 25. h5 Qd8 26. Ne2 d5 27. Ng3 Kg8
28. Qf5 Bg7 29. h6 Bh8 30. Nh5 Rg6 31. exd5 cxd5 32. Nf6+ Bxf6 33. gxf6 e4 34.
Rhg1 Qd7 35. Rxg6+ 1-0

[Event "FRA T I 120102011"]
[Site "FRA"]
[Date "2010.10.17"]
[Round "1.8"]
[White "Chauvet, Adele"]
[Black "Mamah, Isabelle"]
[Result "0-1"]
[WhiteElo "1532"]
[BlackElo "1836"]
[PlyCount "66"]
[EventDate "2010.10.17"]
[EventType "team-match"]
[EventRounds "9"]
[EventCountry "FRA"]
[Source "FFE"]
[SourceDate "2010.10.29"]
[WhiteTeamCountry "FRA"]
[BlackTeamCountry "FRA"]

1. e4 c5 2. Nc3 g6 3. g3 Bg7 4. Bg2 e5 5. Nge2 Ne7 6. O-O O-O 7. d3 b6 8. f4
Nbc6 9. f5 f6 10. g4 Rb8 11. Be3 Bb7 12. a3 Nd4 13. Bxd4 cxd4 14. Na2 d5 15.
Ng3 Bh6 16. Kh1 Qd7 17. Nc1 Rbc8 18. exd5 Nxd5 19. Bxd5+ Bxd5+ 20. Ne4 Qc6 21.
Qf3 Bf4 22. Na2 Bxe4 23. dxe4 Qxc2 24. Rf2 Qa4 25. Nb4 Kf7 26. Nd3 g5 27. Nxf4
gxf4 28. Qh3 Kg7 29. Qh5 Rc2 30. Rxc2 Qxc2 31. b4 Qxe4+ 32. Kg1 d3 33. Qh4 Qd4+
0-1

[Event "FRA T I 120102011"]
[Site "FRA"]
[Date "2010.10.17"]
[Round "1.7"]
[White "Fruteau, Sabine"]
[Black "Coste, Thierry"]
[Result "0-1"]
[WhiteElo "2129"]
[BlackElo "2192"]
[PlyCount "56"]
[EventDate "2010.10.17"]
[EventType "team-match"]
[EventRounds "9"]
[EventCountry "FRA"]
[Source "FFE"]
[SourceDate "2010.10.29"]
[WhiteTeamCountry "FRA"]
[BlackTeamCountry "FRA"]

1. e4 c5 2. Nf3 g6 3. d4 cxd4 4. Nxd4 Bg7 5. Nb3 Nc6 6. Be2 Nf6 7. Nc3 d6 8.
O-O O-O 9. f4 a5 10. Be3 a4 11. Nd2 a3 12. Rb1 Nd7 13. Nb3 axb2 14. Qd2 Nf6 15.
Nd4 Qa5 16. Nb3 Qb4 17. Qd3 Be6 18. f5 Ne5 19. Qd4 Qxd4 20. Bxd4 Bxb3 21. axb3
Nc6 22. Bxf6 Bxf6 23. Na4 Nd4 24. Bd3 b5 25. Nxb2 Ra2 26. Nd1 Nxc2 27. Bxb5 Na3
28. Bd3 Rd2 0-1

[Event "FRA T I 120102011"]
[Site "FRA"]
[Date "2010.10.17"]
[Round "1.1"]
[White "Tirard, Hugo"]
[Black "Mullon, Jean Baptiste"]
[Result "1-0"]
[WhiteElo "2460"]
[BlackElo "2427"]
[PlyCount "55"]
[EventDate "2010.10.17"]
[EventType "team-match"]
[EventRounds "9"]
[EventCountry "FRA"]
[Source "FFE"]
[SourceDate "2010.10.29"]
[WhiteTeamCountry "FRA"]
[BlackTeamCountry "FRA"]

1. e4 c5 2. Nf3 e6 3. d4 cxd4 4. Nxd4 Nc6 5. Nc3 a6 6. Nxc6 bxc6 7. Bd3 d5 8.
O-O Nf6 9. Re1 Be7 10. e5 Nd7 11. b3 Nc5 12. Bb2 Nxd3 13. cxd3 c5 14. Rc1 Bd7
15. Qg4 Rg8 16. Qh5 Kf8 17. Qxh7 Rb8 18. Ba3 Qa5 19. Nb1 d4 20. Re2 Rc8 21.
Rec2 Qc7 22. Qe4 f6 23. Qxd4 fxe5 24. Qe3 Kf7 25. Bxc5 Bf6 26. Nd2 Bb5 27. Ne4
Rcd8 28. Bb6 1-0

[Event "FRA T I 120102011"]
[Site "FRA"]
[Date "2010.10.17"]
[Round "1.1"]
[White "Chomet, Pascal"]
[Black "Roser, Kevin"]
[Result "0-1"]
[WhiteElo "2333"]
[BlackElo "2429"]
[PlyCount "54"]
[EventDate "2010.10.17"]
[EventType "team-match"]
[EventRounds "9"]
[EventCountry "FRA"]
[Source "FFE"]
[SourceDate "2010.10.29"]
[WhiteTeamCountry "FRA"]
[BlackTeamCountry "FRA"]

1. e4 c5 2. Nc3 Nc6 3. Nf3 d6 4. d4 cxd4 5. Nxd4 Nf6 6. Bc4 e6 7. Be3 a6 8. Qe2
Be7 9. Bb3 O-O 10. O-O-O Nd7 11. g4 Nc5 12. Rhg1 Bd7 13. g5 b5 14. Qh5 b4 15.
Nce2 Nxd4 16. Bxd4 Nxb3+ 17. axb3 e5 18. Be3 Qc7 19. f4 Rfc8 20. Rd2 a5 21. f5
g6 22. Qf3 a4 23. fxg6 fxg6 24. bxa4 Bxa4 25. b3 Bxb3 26. Bc5 Bc4 27. Bxb4 Bxe2
0-1

[Event "FRA T I 120102011"]
[Site "FRA"]
[Date "2010.10.17"]
[Round "1.1"]
[White "Tripoteau, Nicolas"]
[Black "Colin, Vincent"]
[Result "0-1"]
[WhiteElo "2426"]
[BlackElo "2439"]
[PlyCount "54"]
[EventDate "2010.10.17"]
[EventType "team-match"]
[EventRounds "9"]
[EventCountry "FRA"]
[Source "FFE"]
[SourceDate "2010.10.29"]
[WhiteTeamCountry "FRA"]
[BlackTeamCountry "FRA"]

1. d4 Nf6 2. Nf3 e6 3. e3 c5 4. c4 d5 5. cxd5 exd5 6. Bb5+ Nc6 7. Ne5 Bd7 8.
Nxd7 Qxd7 9. O-O Bd6 10. dxc5 Bxc5 11. a3 a6 12. Bd3 Bd6 13. Nd2 Rd8 14. Nf3
O-O 15. b4 Rfe8 16. Bb2 Ne4 17. Be2 Bb8 18. Qb3 Re6 19. Rfd1 Rg6 20. g3 Bxg3
21. fxg3 Qh3 22. Bf1 Rxg3+ 23. hxg3 Qxg3+ 24. Bg2 Qf2+ 25. Kh1 Rd6 26. Bxg7
Kxg7 27. Rg1 Ng3+ 0-1

[Event "FRA T I 120102011"]
[Site "FRA"]
[Date "2010.10.17"]
[Round "1.5"]
[White "Sorin, Baptiste"]
[Black "Martinez, Jean Philippe"]
[Result "1-0"]
[WhiteElo "2214"]
[BlackElo "2109"]
[PlyCount "49"]
[EventDate "2010.10.17"]
[EventType "team-match"]
[EventRounds "9"]
[EventCountry "FRA"]
[Source "FFE"]
[SourceDate "2010.10.29"]
[WhiteTeam "Sautron"]
[BlackTeam "Nantes"]
[WhiteTeamCountry "FRA"]
[BlackTeamCountry "FRA"]

1. e4 c5 2. Nf3 Nc6 3. d4 cxd4 4. Nxd4 g6 5. c4 Bg7 6. Be3 Nf6 7. Nc3 O-O 8.
Be2 d6 9. O-O Nxd4 10. Bxd4 Bd7 11. Rc1 Bc6 12. f3 a5 13. g4 Nd7 14. Be3 Nc5
15. Rf2 e6 16. Bf1 Be5 17. b3 Qh4 18. a3 f5 19. gxf5 gxf5 20. f4 Bxc3 21. Qxd6
Bd2 22. Bxc5 Bxc1 23. Qxe6+ Rf7 24. Rg2+ Kh8 25. Bd4+ 1-0

[Event "FRA T I 120102011"]
[Site "FRA"]
[Date "2010.10.17"]
[Round "1.7"]
[White "Zaninetti, Laurent"]
[Black "Cohen Solal, Leo"]
[Result "0-1"]
[WhiteElo "1996"]
[BlackElo "1767"]
[PlyCount "48"]
[EventDate "2010.10.17"]
[EventType "team-match"]
[EventRounds "9"]
[EventCountry "FRA"]
[Source "FFE"]
[SourceDate "2010.10.29"]
[WhiteTeamCountry "FRA"]
[BlackTeamCountry "FRA"]

1. c4 e5 2. a3 a5 3. Nc3 Nc6 4. g3 Bc5 5. Bg2 d6 6. e3 Be6 7. d3 Nf6 8. Nge2 d5
9. cxd5 Nxd5 10. d4 exd4 11. exd4 Be7 12. O-O O-O 13. Ne4 Qc8 14. Nc5 Bxc5 15.
dxc5 Rd8 16. Qc2 Ne5 17. Rd1 c6 18. Nf4 Bg4 19. Re1 Nf3+ 20. Kh1 g5 21. Nxd5
Rxd5 22. Be3 Qe6 23. h3 Qh6 24. Bxf3 Qxh3+ 0-1

[Event "FRA T I 120102011"]
[Site "FRA"]
[Date "2010.10.17"]
[Round "1.1"]
[White "Lejarre, Ludovic"]
[Black "Jolly, Jean Francois"]
[Result "1-0"]
[WhiteElo "2390"]
[BlackElo "2379"]
[PlyCount "43"]
[EventDate "2010.10.17"]
[EventType "team-match"]
[EventRounds "9"]
[EventCountry "FRA"]
[Source "FFE"]
[SourceDate "2010.10.29"]
[WhiteTeamCountry "FRA"]
[BlackTeamCountry "FRA"]

1. e4 c5 2. Nf3 d6 3. d4 cxd4 4. Nxd4 Nf6 5. Nc3 a6 6. Be2 e6 7. O-O Be7 8. a4
Nc6 9. Be3 O-O 10. Kh1 Qc7 11. f4 Re8 12. a5 Nxa5 13. e5 dxe5 14. fxe5 Qxe5 15.
Bf4 Qc5 16. Na4 Qa7 17. Be3 Bd8 18. Nf5 b6 19. Nd6 Rf8 20. Rxf6 gxf6 21. Bh6
Be7 22. Ra3 1-0